000 00529nam a22001817a 4500
999 _c195052
_d195052
005 20230213111247.0
010 _aENG-136195
020 _a9789380658179
_c599.00
035 _aEN-119727
037 _bDBAD/PUB
082 _a796.092
245 _aSachin Genius Unplugged/
_ced by Suresh Menon
260 _aChennai
_bWestland Ltd
_c2011
270 _aVenkat Towers, 165, P.H. Road, Maduravoyal
_bChennai
_e600095
300 _a159p.
_c22cm(pbk)
700 _aMenon, Suresh
942 _2ddc
_cEN
_h796.092
_mSAC